000 00718nam a2200217Ia 4500
003 GCL
008 140319s9999 xx 000 0 ara d
040 _aGCL /
_cGCL
082 0 4 _a891.7
_bس م
100 1 _aماجد علاءالدين
245 1 0 _aملحمة الزمن : شعر /
_cماجد علاءالدين
700 1 _aسافرونوف، اناتولى
300 _a158 ص
490 _aالهيئة العامة للاستعلامات
_v0
650 0 4 _aالشعر الروسى
650 0 4 _aالادب العالمى
650 0 4 _aالادب الروسى المترجم
650 0 4 _aالادب العالمى المترجم
650 0 4 _aالشعر الروسى المترجم
942 _2ddc
_cBK
999 _c48062
_d48062